Communes françaises en Noisy - Statistiques

Statistiques générales
  • Ce quiz a été pris 117 fois
  • Le résultat moyen est 3 sur 6
Statistiques - réponses
Département Population Réponse % Correct
Seine-Saint-Denis 67 871 Noisy-le-Grand
99%
Seine-Saint-Denis 44 463 Noisy-le-Sec
90%
Yvelines 7 635 Noisy-le-Roi
55%
Val-d'Oise 653 Noisy-sur-Oise
35%
Seine-et-Marne 1 827 Noisy-sur-École
15%
Seine-et-Marne 597 Noisy-Rudignon
10%
Aucun quiz correspondant
Distribution des résultats
% des personnes avec chaque résultat
Percentile par nombre de réponses
Votre historique - résultats
Vous n’avez pas pris ce quiz